| 000 | 01407cam a2200301 a 4500 | ||
|---|---|---|---|
| 001 | 24631 | ||
| 003 | BD-RjUL | ||
| 005 | 20211209001057.0 | ||
| 008 | 140315m1953 enkb b 001 0 eng d | ||
| 035 | _a(BD-RjUL) 24700 | ||
| 040 |
_aDLC _cURB _dOCL _dm.c _dOCL _dBD-RjUL _beng |
||
| 041 | 1 |
_aeng _hita |
|
| 082 |
_a940.311 _bALO 1953 |
||
| 100 | 1 |
_aAlbertini, Luigi, _d1871-1941. _972531 |
|
| 245 | 1 | 4 |
_aThe origins of the War of 1914 / _cLuigi Albertini ; translated and edited by Isabella M. Massey. _nVolume 2 _pThe crisis of july 1914. From the Sarajevo outrage to the Austro-Hungarian general Mobilization |
| 260 |
_aLondon : _bOxford University Press, _c1953 |
||
| 300 |
_axvi, 727 p. : _bfold. maps ; _c26 cm. |
||
| 504 | _aIncludes bibliographies and index. | ||
| 505 | 0 | _av. 1. European relations from the Congress of Berlin to the eve of the Sarajevo murder.--v. 2. The crisis of July 1914. From the Sarajevo outrage to the Austro-Hungarian general mobilization.--v. 3. The epilogue of the crisis of July 1914. The declarations of war and of neutrality. | |
| 650 | 0 |
_aWorld War, 1914-1918 _xCauses. _972532 |
|
| 650 | 0 |
_aWorld War, 1914-1918 _xDiplomatic history. _972533 |
|
| 651 | 0 |
_aEurope _xPolitics and government _y1871-1918. _972534 |
|
| 700 |
_aIsabella M. Massey. _975809 |
||
| 942 |
_2ddc _cBK |
||
| 999 |
_c24631 _d24631 |
||